Principios de genética y sus primarias aplicaciones o Fundamentos de ciencia nueva, única y bases del documento social absoluto, definitivo, que marcan indeleble la nueva era científica y social / (Record no. 152325)
[ view plain ]
| 000 -LEADER | |
|---|---|
| campo de control de longitud fija | 00939nam a22001935i 4500 |
| 001 - NÚMERO DE CONTROL | |
| campo de control | 152325 |
| 003 - IDENTIFICADOR DE NÚMERO DE CONTROL | |
| campo de control | ES-MaACL |
| 005 - FECHA Y HORA DE LA ÚLTIMA TRANSACCIÓN | |
| campo de control | 20230906204634.0 |
| 008 - DATOS DE LONGITUD FIJA--INFORMACIÓN GENERAL | |
| campo de control de longitud fija | 000127s1884 sp |||| | spa d |
| 040 ## - FUENTE DE CATALOGACIÓN | |
| Centro catalogador/agencia de origen | M-RACE |
| Lengua de catalogación | spa |
| Centro/agencia transcriptor | M-RACE |
| Centro/agencia modificador | CCPB | B |
| 080 ## - NÚMERO DE LA CLASIFICACIÓN DECIMAL UNIVERSAL | |
| Número de la Clasificación Decimal Universal | 575 |
| 100 1# - ENTRADA PRINCIPAL--NOMBRE DE PERSONA | |
| Nombre de persona | Boixader y Solana, Juan. |
| 9 (RLIN) | 29912 |
| 245 10 - MENCIÓN DEL TÍTULO | |
| Título | Principios de genética y sus primarias aplicaciones o Fundamentos de ciencia nueva, única y bases del documento social absoluto, definitivo, que marcan indeleble la nueva era científica y social / |
| Mención de responsabilidad, etc. | su autor Juan Boixader y Solana. |
| 260 ## - PUBLICACIÓN, DISTRIBUCIÓN, ETC. | |
| Lugar de publicación, distribución, etc. | Madrid : |
| Nombre del editor, distribuidor, etc. | [s.n.], |
| Fecha de publicación, distribución, etc. | 1884 ( |
| Fabricante | imprenta y fundición de Manuel Tello) |
| 300 ## - DESCRIPCIÓN FÍSICA | |
| Extensión | VIII, 549 p., [1] h. pleg. ; |
| Dimensiones | 23 cm. |
| 650 #4 - PUNTO DE ACCESO ADICIONAL DE MATERIA--TÉRMINO DE MATERIA | |
| Término de materia o nombre geográfico como elemento de entrada | Genética. |
| 9 (RLIN) | 13057 |
| 740 0# - ENTRADA AGREGADA--TÍTULO RELACIONADO/ANALÍTICO NO CONTROLADO | |
| Título relacionado o analítico no controlado | Fundamentos de ciencia nueva, única y bases del documento social absoluto, definitivo, que marcan indeleble la nueva era científica y social. |
| 852 ## - LOCALIZACIÓN | |
| Ubicación | ES-MaACL |
| Número de control de estantería | F-12751 |
| Nota libre | -- Enc. pasta española |
| Estatus retirado | Estado de pérdida | Estado de daño | No para préstamo | Colección | Biblioteca de origen | Biblioteca actual | Ubicación en estantería | Fecha de adquisición | Fuente de adquisición | Total de préstamos | Signatura topográfica completa | Código de barras | Visto por última vez | Precio de reemplazo | Tipo de ítem Koha |
|---|---|---|---|---|---|---|---|---|---|---|---|---|---|---|---|
| Libros del s. XIX | Biblioteca del Ateneo de Madrid | Biblioteca del Ateneo de Madrid | Sala Pecera Planta 2 | 17/01/2008 | F-12751 | 1159039 | 23/02/2023 | 23/02/2023 | Libro impreso antiguo |
